| 000 | 00420cam a2200181ua 4500 | ||
|---|---|---|---|
| 020 | _c6.00 | ||
| 041 |
_ahin _h |
||
| 082 |
_a891.54 _bILA/PR |
||
| 100 | _aIlachandra, Joshi . | ||
| 245 |
_aPret or chaya / _cJoshi Ilachandra. _hTextual Documents |
||
| 250 |
_a3 / _b. |
||
| 260 |
_a : _bBharati Bhandar , _c1962. |
||
| 300 | _a409 ; . | ||
| 365 | _a6.00 | ||
| 504 | _a | ||
| 942 | _cBK | ||
| 999 |
_c6376 _d6376 |
||